000 01042nam a22002657a 4500
003 dpl
005 20080708143310.0
008 080708t xxu||||| |||| 00| 0 eng d
010 _aENG-90488-89
020 _a8120334649
_c295.00
020 _a8120335066
_c295.00
035 _aEN-74021-22
037 _bDBAD / PUB
040 _aDPL
_bEN
082 _a510
100 _aKhattar, Dinesh
245 _aCBSE mathematics for class XII /
_cby Dinesh Khattar and Anita Khattar
260 _aNew Delhi
_bPrentice Hall of India
_c2008
270 _aM-97, Connaught Circus,
_bNew Delhi
_e110001
300 _a2 Pt. (Various pagings)
_c24 cm (pbk)
700 _aKhattar, Anita
942 _2ddc
_cEN
_h510
_mKHA
999 _c14295
_d14295